[Event "GRENKE Chess Classic 2019"]
[Site "Karlsruhe/Baden Baden GER"]
[Date "2019.04.26"]
[Round "6.3"]
[White "Meier,Geo"]
[Black "Carlsen,M"]
[Result "0-1"]
[WhiteTitle "GM"]
[BlackTitle "GM"]
[WhiteElo "2628"]
[BlackElo "2845"]
[WhiteFideId "4675789"]
[BlackFideId "1503014"]
[EventDate "2019.04.20"]

1. Nf3 Nf6 2. g3 g6 3. Bg2 Bg7 4. O-O O-O 5. d4 d6 6. b3 b5 7. Bb2 Bb7 8. Nbd2
Nbd7 9. c4 bxc4 10. Nxc4 a5 11. Rc1 c5 12. dxc5 Nxc5 13. Bd4 Ncd7 14. a4 Ra6 15.
Na3 Qa8 16. Nb5 Rc6 17. Rxc6 Bxc6 18. Ne1 Bxg2 19. Nxg2 Rc8 20. Na7 Rd8 21. Qc2
e5 22. Be3 d5 23. Nc6 Re8 24. Bd2 Ne4 25. Nxa5 Rc8 26. Qa2 Ndf6 27. Be1 Nc3 28.
Bxc3 Rxc3 29. b4 Bf8 30. Qb2 d4 31. e3 Ne4 32. exd4 exd4 33. Nb3 d3 34. Rc1
Rxc1+ 35. Qxc1 Qxa4 36. Qc4 Nc5 37. Nd2 Qa1+ 38. Nf1 d2 39. Ne3 Ne6 40. Qb3 Qe1
41. Kg2 Bxb4 42. Qb2 h5 43. h4 Ba5 44. Qb8+ Nf8 45. Qa8 Bc3 46. Qc6 Qc1 47. Qd5
Ne6 48. Qc4 Ba5 49. Qd5 Bb4 50. Qb5 Qc3 51. Qd5 Qc1 52. Qb5 Bc3 53. Qa4 Bd4 54.
Nd1 Kg7 55. Kf3 Bf6 56. Ke2 Nd4+ 57. Kd3 Qb1+ 58. Kxd2 Qe4 0-1